000 00631nam a2200229 i 4500
001 C2-0310232
003 PPAK
005 20180728101505.0
008 110613s1978 my |||| ||||| | may d
040 _aPPAK
_beng
_cPPAK
_erda
082 0 4 _a895.635
_223
090 0 0 _a895.635
_bTAN
_dKMI
100 1 _aTanikazi, Junichiro,
_eauthor
245 1 0 _aKunci
264 1 _aKuala Lumpur :
_bUtusan Publications ,
_c1978
300 _a176 pages ;
_c18 cm
336 _2rdacontent
_atext
337 _2rdamedia
_aunmediated
338 _2rdacarrier
_avolume
650 1 0 _aLiterature - Japan. ; Translation to malay.
942 _ddc
_cB
999 _c112715
_d112715